[Event "Hastings Masters"]
[Site "Horntye Park Sports Complex, "]
[Date "2012.01.04"]
[Round "8.1"]
[White "Wang, Yue"]
[Black "Vovk, Andrey"]
[Result "1-0"]
[WhiteElo "2697"]
[BlackElo "2551"]
[PlyCount "75"]
[EventDate "2012.??.??"]
[TimeControl "120+24"]
[BlackClock "0:14:46"]

1. d4 Nf6 2. c4 g6 3. Nc3 Bg7 4. e4 d6 5. Nf3 O-O 6. Be2 e5 7. Be3 exd4 8. Nxd4
Re8 9. f3 c6 10. Bf2 d5 11. exd5 cxd5 12. O-O Nc6 13. c5 Nh5 14. Qd2 Be5 15. g3
Ng7 16. Rfd1 Bf5 17. Bb5 Bd7 18. Nb3 Ne7 19. Bxd7 Qxd7 20. Nxd5 Nxd5 21. Qxd5
Qxd5 22. Rxd5 Bxb2 23. Rb1 Bf6 24. Nd2 Re7 25. Ne4 Ne8 26. Rbd1 Kf8 27. Rd7 Rc8
28. g4 Be5 29. c6 b6 30. Ng5 Rc7 31. Nxh7+ Kg7 32. Rxe7 Rxe7 33. Rd7 Bd6 34.
Ng5 Bb4 35. Bd4+ f6 36. Ne6+ Kf7 37. c7 Nxc7 38. Rxe7+ 1-0

[Event "Hastings Masters"]
[Site "Horntye Park Sports Complex, "]
[Date "2012.01.04"]
[Round "8.2"]
[White "Shyam, Sundar M"]
[Black "Edouard, Romain"]
[Result "1-0"]
[WhiteElo "2462"]
[BlackElo "2621"]
[PlyCount "41"]
[EventDate "2012.??.??"]
[TimeControl "120+31"]
[WhiteClock "1:39:00"]
[BlackClock "0:16:44"]

1. e4 c5 2. Nf3 d6 3. d4 cxd4 4. Nxd4 Nf6 5. Nc3 a6 6. Be3 Qc7 7. h3 b5 8. Nd5
Nxd5 9. exd5 Bb7 10. c4 bxc4 11. Qa4+ Qd7 12. Qxc4 g6 13. Be2 h5 14. Bd1 Qd8
15. Ba4+ Nd7 16. Ne6 Rc8 17. Qb4 fxe6 18. Bb6 a5 19. Qxa5 Rc5 20. Bxd8 Rxa5 21.
Bxa5 1-0

[Event "Hastings Masters"]
[Site "Horntye Park Sports Complex, "]
[Date "2012.01.04"]
[Round "8.3"]
[White "Lalith, Babu M.R"]
[Black "Sengupta, Deep"]
[Result "1-0"]
[WhiteElo "2484"]
[BlackElo "2562"]
[PlyCount "63"]
[EventDate "2012.??.??"]
[TimeControl "120+24"]
[WhiteClock "1:40:00"]
[BlackClock "0:01:00"]

1. Nf3 d5 2. d4 e6 3. c4 c6 4. g3 Nf6 5. Bg2 Bb4+ 6. Bd2 Be7 7. O-O O-O 8. Bf4
b6 9. Nc3 Ba6 10. cxd5 cxd5 11. Ne5 Bb7 12. Rc1 Nfd7 13. Nb5 Nxe5 14. dxe5 Nd7
15. h4 h6 16. h5 Bc5 17. Qd2 a5 18. a3 Ba6 19. Nc3 Be7 20. Rb1 Rc8 21. Rfd1 Bg5
22. e4 Nxe5 23. Bxg5 hxg5 24. exd5 exd5 25. Nxd5 Re8 26. Rbc1 Rxc1 27. Rxc1 Bb7
28. Rd1 Bc8 29. Qc3 Bg4 30. Rd4 Qb8 31. h6 Re6 32. Rxg4 1-0

[Event "Hastings Masters"]
[Site "Horntye Park Sports Complex, "]
[Date "2012.01.04"]
[Round "8.4"]
[White "Istratescu, Andrei"]
[Black "Flear, Glenn C"]
[Result "1-0"]
[WhiteElo "2627"]
[BlackElo "2472"]
[PlyCount "109"]
[EventDate "2012.??.??"]
[TimeControl "120+29"]
[WhiteClock "1:40:00"]
[BlackClock "0:14:46"]

1. e4 e5 2. Nf3 Nc6 3. Bb5 a6 4. Ba4 Nf6 5. O-O Be7 6. Re1 b5 7. Bb3 d6 8. c3
O-O 9. h3 Na5 10. Bc2 c5 11. d4 Nd7 12. Nbd2 exd4 13. cxd4 Nc6 14. d5 Nce5 15.
a4 Bb7 16. Nxe5 Nxe5 17. f4 Ng6 18. Nf3 Re8 19. g3 Bf6 20. Ra3 Qd7 21. Kg2 Rad8
22. axb5 axb5 23. h4 Ra8 24. Rxa8 Bxa8 25. h5 Nf8 26. h6 g6 27. b4 cxb4 28. Bd2
Qc7 29. Bxb4 Nd7 30. Bd3 Nc5 31. Qc2 Rc8 32. Rc1 Be7 33. Qb2 Bf8 34. Qf6 Qd8
35. Qxd8 Rxd8 36. Bxc5 dxc5 37. Bxb5 Bxh6 38. Rxc5 Bf8 39. Rc7 Bd6 40. Rd7 Rxd7
41. Bxd7 Bb7 42. Bc6 Ba6 43. e5 Bc5 44. d6 h6 45. Nd2 Bd3 46. Kf3 Kf8 47. g4
Bb6 48. Ne4 Bd4 49. Nf6 Bc4 50. Ke4 Bg1 51. f5 gxf5+ 52. gxf5 Bf1 53. Kf4 Bd3
54. Nd5 Bh2+ 55. Kg4 1-0

[Event "Hastings Masters"]
[Site "Horntye Centre, Hastings, "]
[Date "2012.01.04"]
[Round "8.31"]
[White "McKenna, Jason P"]
[Black "MacQueen, Calum"]
[Result "0-1"]
[WhiteElo "2110"]
[BlackElo "2219"]
[Annotator "Brustkern"]
[PlyCount "64"]
[EventDate "2012.??.??"]

1. e4 c5 2. Nf3 d6 3. d4 cxd4 4. Nxd4 Nf6 5. Nc3 g6 6. g3 Bg7 7. Bg2 O-O 8. O-O
Nc6 9. Nde2 Rb8 10. a4 a6 11. h3 b5 12. axb5 axb5 13. Be3 b4 14. Nd5 Nd7 15.
Nd4 $4 (15. Ra2) 15... Bxd4 $1 16. Bxd4 e6 17. Ne3 e5 18. Ba7 Rb7 19. Qxd6 Nxa7
20. Nd5 Nb5 21. Qxb4 Nd4 22. Qd6 Nb6 23. Qxe5 Ne2+ 24. Kh2 Nxd5 25. Qxd5 Qxd5
26. exd5 Rxb2 27. c4 Nd4 28. c5 Nb3 29. Ra8 Nxc5 30. Rc1 Rxf2 31. h4 (31. Rxc5
$142 Rxg2+ 32. Kxg2 Bxh3+ 33. Kxh3 Rxa8) 31... Bf5 32. Rxf8+ Kxf8 0-1

[Event "Hastings Masters"]
[Site "Horntye Centre, Hastings, "]
[Date "2012.01.04"]
[Round "8.41"]
[White "Edwards, Jonathan"]
[Black "Cafferty, Bernard"]
[Result "1-0"]
[WhiteElo "1825"]
[BlackElo "2127"]
[PlyCount "63"]
[EventDate "2012.??.??"]

1. d4 Nf6 2. c4 e6 3. Nc3 Bb4 4. e3 b6 5. Bd3 Bb7 6. Nf3 Ne4 7. O-O f5 8. Qc2
Bxc3 9. bxc3 O-O 10. Nd2 Qh4 11. f3 Nxd2 12. Bxd2 Nc6 13. Rae1 Ne7 14. Qc1 d6
15. e4 f4 16. e5 d5 17. cxd5 exd5 18. Qb1 Bc8 19. c4 Be6 20. Bb4 Rf7 21. Bxe7
$11 Rxe7 22. cxd5 Bxd5 23. Be4 c6 24. Rc1 Rd8 25. Bxd5+ cxd5 26. Rc3 Red7 27.
Rfc1 Qe7 28. Qf5 Rf8 29. Qg4 g6 30. h4 Qg7 31. Rc8 Rdf7 32. Qe6 1-0

[Event "Hastings Masters"]
[Site "Horntye Centre, Hastings, "]
[Date "2012.01.04"]
[Round "8.42"]
[White "Lasinskas, Povilas"]
[Black "Obsieger, Hendrik"]
[Result "1-0"]
[WhiteElo "2122"]
[BlackElo "1869"]
[PlyCount "57"]
[EventDate "2012.??.??"]

1. d4 Nf6 2. Nf3 g6 3. c4 Bg7 4. Bg5 O-O 5. Nc3 h6 6. Bh4 g5 7. Bg3 Nh5 8. e3
Nxg3 9. hxg3 d6 10. Qc2 c5 11. dxc5 f5 12. cxd6 Qxd6 13. Be2 Nc6 14. a3 b6 15.
Rd1 Qf6 16. Rd2 e6 17. O-O Ba6 18. Rd6 Bb7 19. Rfd1 Rfd8 20. Qa4 Rac8 21. c5
Na5 22. cxb6 Rxd6 23. Rxd6 Bf8 24. Rd1 axb6 25. Qd7 Bxa3 26. bxa3 Rxc3 27. Qe8+
Qf8 28. Qg6+ Kh8 29. Rd7 1-0

[Event "Hastings Masters"]
[Site "Horntye Centre, Hastings, "]
[Date "2012.01.04"]
[Round "8.52"]
[White "Lewicki, Pawel"]
[Black "Bourached, Anthony"]
[Result "1-0"]
[WhiteElo "1850"]
[BlackElo "1895"]
[PlyCount "95"]
[EventDate "2012.??.??"]

1. c4 e6 2. d4 Nf6 3. Nf3 d5 4. Bg5 Nbd7 5. Nc3 Bb4 6. Qc2 c6 7. e3 Qa5 8. Bxf6
Nxf6 9. Nd2 e5 10. dxe5 Ng4 11. cxd5 Bxc3 12. Qxc3 Qxc3 13. bxc3 cxd5 14. c4
Be6 15. cxd5 Bxd5 16. Bb5+ Ke7 17. e4 Be6 18. f4 Rac8 19. Ke2 Rc3 20. h3 Rd8
21. hxg4 $11 Rc2 22. f5 Rdxd2+ 23. Ke3 Bxa2 24. Rhd1 Rxd1 25. Rxd1 Rc7 26. Ra1
Rc2 27. Bd3 Rxg2 28. Be2 Rxe2+ 29. Kxe2 Bc4+ 30. Ke3 Ba6 31. Kd4 h6 32. Kc5 Kd7
33. Rh1 Be2 34. Rg1 a5 35. g5 h5 36. g6 fxg6 37. Rxg6 h4 38. Rxg7+ Ke8 39. Rxb7
Bf3 40. Kd5 h3 41. Rh7 Bg2 42. f6 Kf8 43. e6 Kg8 44. Rh5 a4 45. Ke5 a3 46. f7+
Kg7 47. Rg5+ Kh6 48. Kf6 1-0

[Event "Hastings Masters"]
[Site "Horntye Centre, Hastings, "]
[Date "2012.01.04"]
[Round "8.53"]
[White "Pooley, Mark"]
[Black "Van Veen, Wout"]
[Result "1-0"]
[WhiteElo "1608"]
[BlackElo "1944"]
[PlyCount "37"]
[EventDate "2012.??.??"]

1. e4 e5 2. Nf3 Nc6 3. d4 exd4 4. Nxd4 Bc5 5. Nxc6 Qf6 6. f3 bxc6 7. Nc3 Ne7 8.
Bc4 O-O 9. Qe2 Rb8 10. Bb3 Bb7 11. Be3 Bxe3 12. Qxe3 d5 13. Qxa7 dxe4 14. fxe4
Qe5 15. Qf2 Ba6 16. O-O-O c5 17. Qg3 Ng6 18. Qxe5 Nxe5 19. Rd5 1-0

[Event "Hastings Masters"]
[Site "Horntye Centre, Hastings, "]
[Date "2012.01.04"]
[Round "8.55"]
[White "Willson, Ollie"]
[Black "Penfold, Bill"]
[Result "1-0"]
[WhiteElo "1664"]
[BlackElo "1728"]
[PlyCount "61"]
[EventDate "2012.??.??"]

1. f4 d5 2. Nf3 c5 3. e3 g6 4. d4 cxd4 5. exd4 Bg7 6. Bd3 Bg4 7. c3 e6 8. Be3
Ne7 9. Nbd2 O-O 10. Qc2 Bf5 11. O-O-O b5 12. Nb3 a5 13. Kd2 Na6 14. Rb1 Rc8 15.
Bxf5 Nxf5 16. Qd3 Qb6 17. Nc1 b4 18. Ne2 a4 19. Rhc1 Nd6 20. Ke1 Nc4 21. Bd2 a3
22. bxa3 Nxa3 23. Rb3 Nc4 24. Rcb1 Qa5 25. cxb4 Qxa2 26. b5 Rb8 27. bxa6 Rxb3
28. Qxb3 Qxa6 29. Kf2 Nxd2 30. Nxd2 Qa7 31. Nf3 1-0